000 00663nam a2200217Ia 4500
003 OSt
005 20250115120429.0
008 210210b2002 xxu||||| |||| 00| 0 eng d
020 _a81 7302 568 1
040 _cAL
041 _aKannada
082 _a370.15 GATP
100 _aGATTI (K T).
_d ಗಟ್ಟಿ (ಕೆ ಟಿ )
_9193507
245 _aGurugalagi tayi-tande. (a billingual book).
_bಗುರುಗಳಾಗಿ ತಾಯಿ-ತಂದೆ
260 _aBengaluru.
_bNavakarnataka Prakashana.,
_c2002
300 _a182
650 _aParents as educators
_9193508
690 _aEducational Psychology
_9193516
906 _a057909
942 _2ddc
_cBK
999 _c105179
_d105179